[Event "SLO-ch 33rd"]
[Site "Radenci"]
[Date "2023.04.27"]
[Round "4"]
[White "Markosek, Bine"]
[Black "Marovt, Nejc"]
[Result "1/2-1/2"]
[WhiteElo "1843"]
[BlackElo "1734"]
[PlyCount "125"]
[EventDate "2023.04.25"]
[EventType "team-match"]
[EventRounds "9"]
[EventCountry "SLO"]
[SourceTitle "CBM 214 Extra"]
[Source "ChessBase"]
[SourceDate "2023.07.31"]
[SourceVersion "1"]
[SourceVersionDate "2023.07.31"]
[SourceQuality "1"]

1. e4 e5 2. Nf3 Nc6 3. Bb5 a6 4. Ba4 Nf6 5. 0-0 Be7 6. Re1 b5 7. Bb3 0-0 8. c3 d5 9. exd5 Nxd5 10. d4 exd4 11. Nxd4 Nxd4 12. Qxd4 c6 13. Bxd5 cxd5 14. Bf4 Be6 15. Nd2 Rc8 16. Be5 f6 17. Bg3 Bc5 18. Qf4 Qd7 19. Nb3 Bb6 20. Rad1 Bg4 21. Rc1 Rc4 22. Qd6 Qxd6 23. Bxd6 Rd8 24. Bg3 Kf7 25. Kf1 Bf5 26. Rcd1 Ra4 27. Nc1 Rc4 28. f3 b4 29. Ne2 bxc3 30. bxc3 Ba5 31. Rd4 Rxd4 32. Nxd4 Bd3+ 33. Ne2 Bxc3 34. Rc1 d4 35. Kf2 Bxe2 36. Kxe2 Ke6 37. Kd3 Kd5 38. Rb1 Rd7 39. Rb6 a5 40. Bf2 Kc5 41. Rb3 Kc6 42. Rb8 Kd5 43. Rb5+ Ke6 44. Rb6+ Kf7 45. Rb5 g6 46. Rb6 h5 47. Rb8 g5 48. Rb6 Kg6 49. Bg3 Rd5 50. a4 h4 51. Bc7 Kf5 52. Rc6 Bb4 53. Bb6 Bc3 54. Rc5 Rxc5 55. Bxc5 Ke5 56. Bb6 Ke6 57. Bxd4 Bxd4 58. Kxd4 Kd6 59. h3 f5 60. Kc4 Kc6 61. Kd4 Kd6 62. Kc4 Kc6 63. Kd4 1/2-1/2

[Event "SLO-ch 33rd"]
[Site "Radenci"]
[Date "2023.04.27"]
[Round "3"]
[White "Radej, Pika"]
[Black "Markosek, Bine"]
[Result "0-1"]
[WhiteElo "1494"]
[BlackElo "1843"]
[PlyCount "128"]
[EventDate "2023.04.25"]
[EventType "team-match"]
[EventRounds "9"]
[EventCountry "SLO"]
[SourceTitle "CBM 214 Extra"]
[Source "ChessBase"]
[SourceDate "2023.07.31"]
[SourceVersion "1"]
[SourceVersionDate "2023.07.31"]
[SourceQuality "1"]

1. c4 Nf6 2. Nc3 e6 3. d4 d5 4. cxd5 exd5 5. Bg5 Be7 6. e3 0-0 7. Bd3 h6 8. Bh4 b6 9. Nge2 Bb7 10. Qc2 Nbd7 11. h3 c5 12. 0-0 Rc8 13. a3 Ne4 14. Bxe7 Qxe7 15. Bxe4 dxe4 16. Rad1 cxd4 17. Rxd4 Nc5 18. Nf4 Rfd8 19. Rfd1 Qg5 20. Rxd8+ Rxd8 21. Rxd8+ Qxd8 22. b4 Nd3 23. Nce2 Qd7 24. Qc3 Qc8 25. Qxc8+ Bxc8 26. Nd5 Kf8 27. Nec3 Bb7 28. Kf1 Ke8 29. Ke2 Kd7 30. Nf4 g5 31. Nfd5 f5 32. f3 exf3+ 33. gxf3 Ne5 34. f4 Nc4 35. a4 Ke6 36. Nc7+ Kd6 37. N7b5+ Ke6 38. Nd4+ Kf6 39. Nf3 g4 40. hxg4 fxg4 41. Nh4 Nd6 42. Kf2 a5 43. bxa5 bxa5 44. Ng2 Ne4+ 45. Nxe4+ Bxe4 46. Ne1 h5 47. Kg3 Kg6 48. Kh4 Kh6 49. Kg3 Kg7 50. Kh4 Kg6 51. Kg3 Kh7 52. Kh4 Kh6 53. Kg3 Bc6 54. Nc2 Bxa4 55. Na3 Bc6 56. Nc4 a4 57. Kh4 Kg7 58. Kg3 Kf6 59. Kh4 Kf5 60. Nd6+ Ke6 61. Nc4 Bb5 62. Na3 Bd3 63. Kg3 Kd6 64. Kh4 Kc5 0-1

[Event "Ljubljana-chT 75th"]
[Site "Ljubljana"]
[Date "2023.03.23"]
[Round "9.3"]
[White "Markosek, Bine"]
[Black "Majcen, Zoran"]
[Result "0-1"]
[WhiteElo "1865"]
[BlackElo "1802"]
[PlyCount "108"]
[EventDate "2023.01.12"]
[EventType "team-swiss"]
[EventRounds "9"]
[EventCountry "SLO"]
[SourceTitle "EXT 2024"]
[Source "ChessBase"]
[SourceDate "2023.10.10"]
[SourceVersion "1"]
[SourceVersionDate "2023.10.10"]
[SourceQuality "1"]
[WhiteTeam "Domzale SD"]
[BlackTeam "Crni Graben"]
[WhiteTeamCountry "SLO"]
[BlackTeamCountry "SLO"]

1. e4 e6 2. d4 d5 3. Nc3 dxe4 4. Nxe4 Nd7 5. Nf3 Ngf6 6. Nxf6+ Nxf6 7. Bd3 h6 8. 0-0 Bd6 9. c3 0-0 10. Qe2 b6 11. Ne5 Bb7 12. Rd1 Qe7 13. Bf4 Rad8 14. Bg3 c5 15. Ba6 cxd4 16. Bxb7 Qxb7 17. Rxd4 Bc5 18. Rxd8 Rxd8 19. b4 Be7 20. b5 Ne4 21. Nc6 Nxg3 22. hxg3 Rd7 23. Rd1 Bc5 24. Qf3 Qc7 25. Rxd7 Qxd7 26. Ne5 Qc7 27. Nc6 Qd6 28. Qf4 Qd1+ 29. Kh2 Qe2 30. Ne5 Qxf2 31. Qxf2 Bxf2 32. Nc6 h5 33. g4 hxg4 34. g3 Kf8 35. Nxa7 Ke7 36. Kg2 Bc5 37. Kf1 Kd6 38. Ke2 Kd5 39. Nc6 f6 40. Kd3 Bf2 41. c4+ Kd6 42. a4 Bxg3 43. Nd4 Bf2 44. Ne2 f5 45. Nf4 g5 46. Ng2 Kc5 47. Ke2 g3 48. Kd3 e5 49. Ne3 Bxe3 50. Kxe3 g4 51. Ke2 f4 52. Ke1 f3 53. Kf1 e4 54. Ke1 e3 0-1

[Event "Ljubljana-chT 75th"]
[Site "Ljubljana"]
[Date "2023.03.02"]
[Round "6.3"]
[White "Lah, Emil"]
[Black "Markosek, Bine"]
[Result "1/2-1/2"]
[WhiteElo "1951"]
[BlackElo "1865"]
[PlyCount "120"]
[EventDate "2023.01.12"]
[EventType "team-swiss"]
[EventRounds "9"]
[EventCountry "SLO"]
[SourceTitle "EXT 2024"]
[Source "ChessBase"]
[SourceDate "2023.10.10"]
[SourceVersion "1"]
[SourceVersionDate "2023.10.10"]
[SourceQuality "1"]
[WhiteTeam "Trzin Buscotrade"]
[BlackTeam "Domzale SD"]
[WhiteTeamCountry "SLO"]
[BlackTeamCountry "SLO"]

1. e4 e5 2. Nf3 Nc6 3. Bc4 Bc5 4. c3 Nf6 5. d3 h6 6. b4 Bb6 7. a4 a6 8. a5 Ba7 9. 0-0 0-0 10. Be3 d6 11. Bxa7 Rxa7 12. h3 Be6 13. Nbd2 Qe7 14. Re1 Rd8 15. Qb3 Nh5 16. Rad1 Nf4 17. Nf1 Qf6 18. Bxe6 fxe6 19. Kh2 Rf8 20. Re3 Raa8 21. g3 Ng6 22. Rd2 Rad8 23. Kg2 Kh8 24. N1h2 Qe7 25. Qd1 d5 26. exd5 exd5 27. Nxe5 Ngxe5 28. d4 Qf6 29. dxe5 Nxe5 30. Ng4 Nxg4 31. Qxg4 c6 32. Rf3 Qe5 33. Re2 Qd6 34. Rxf8+ Rxf8 35. Qe6 Qd8 36. Qe7 Qc8 37. Re6 Kg8 38. f4 Rf7 39. Qd6 Qc7 40. Re8+ Kh7 41. Qxc7 Rxc7 42. Re5 c5 43. Rxd5 cxb4 44. cxb4 Rc4 45. b5 Ra4 46. b6 Ra3 47. f5 Kg8 48. Rd8+ Kf7 49. Rd5 Kf6 50. g4 Kf7 51. Rd7+ Kf6 52. Rxb7 Rxa5 53. Rc7 Rb5 54. b7 a5 55. h4 a4 56. Rc6+ Kf7 57. Rc7+ Kf6 58. Rc4 Rxb7 59. Rxa4 Ke5 60. Ra5+ Kf4 1/2-1/2

[Event "Ljubljana-chT 75th"]
[Site "Ljubljana"]
[Date "2023.01.26"]
[Round "3.3"]
[White "Smirnov, Maksim"]
[Black "Markosek, Bine"]
[Result "1/2-1/2"]
[WhiteElo "1405"]
[BlackElo "1865"]
[PlyCount "72"]
[EventDate "2023.01.12"]
[EventType "team-swiss"]
[EventRounds "9"]
[EventCountry "SLO"]
[SourceTitle "EXT 2024"]
[Source "ChessBase"]
[SourceDate "2023.10.10"]
[SourceVersion "1"]
[SourceVersionDate "2023.10.10"]
[SourceQuality "1"]
[WhiteTeam "Kranj Tomo Zupan"]
[BlackTeam "Domzale SD"]
[WhiteTeamCountry "SLO"]
[BlackTeamCountry "SLO"]

1. d4 d5 2. Bf4 Nf6 3. Nf3 e6 4. e3 Be7 5. Be2 b6 6. Nbd2 Bb7 7. h3 Nbd7 8. 0-0 0-0 9. a4 c5 10. c3 Ne4 11. Ne5 Nxe5 12. Bxe5 f6 13. Bh2 Nxd2 14. Qxd2 Bd6 15. Bxd6 Qxd6 16. b4 Rac8 17. a5 Rc7 18. dxc5 bxc5 19. Rfb1 cxb4 20. cxb4 Rfc8 21. Bd3 Kh8 22. Rc1 d4 23. Rxc7 Rxc7 24. Rd1 Qd5 25. f3 g6 26. Qe2 e5 27. Be4 Qd7 28. Bxb7 Rxb7 29. exd4 exd4 30. Qc4 Qe7 31. Rxd4 Rc7 32. Qd5 Rc1+ 33. Kh2 Qc7+ 34. Qd6 Kg7 35. Qxc7+ Rxc7 36. b5 Kf7 1/2-1/2

[Event "SLO-chT Central 23rd"]
[Site "Slovenia"]
[Date "2022.10.27"]
[Round "6.2"]
[White "Markosek, Bine"]
[Black "Orel Music, Simona"]
[Result "1-0"]
[WhiteElo "1641"]
[BlackElo "1941"]
[PlyCount "115"]
[EventDate "2022.09.15"]
[EventType "team-swiss"]
[EventRounds "9"]
[EventCountry "SLO"]
[SourceTitle "EXT 2024"]
[Source "ChessBase"]
[SourceDate "2023.10.10"]
[SourceVersion "1"]
[SourceVersionDate "2023.10.10"]
[SourceQuality "1"]
[WhiteTeam "Domzale SD"]
[BlackTeam "Kranj Tomo Zupan"]
[WhiteTeamCountry "SLO"]
[BlackTeamCountry "SLO"]

1. e4 c6 2. d4 d5 3. exd5 cxd5 4. Bd3 Nf6 5. c3 Bg4 6. Qb3 Qc8 7. Bf4 Nc6 8. Nd2 e6 9. Ngf3 Be7 10. 0-0 0-0 11. Rfe1 Re8 12. Ne5 Nxe5 13. Bxe5 Bh5 14. h3 a6 15. c4 dxc4 16. Nxc4 Nd5 17. Be4 Qd7 18. Bxd5 Qxd5 19. Qg3 f6 20. Nb6 Qd8 21. Bc7 Qxd4 22. Nxa8 Rxa8 23. Qe3 Qxe3 24. Rxe3 e5 25. Bxe5 Bc5 26. Rc3 b6 27. Bg3 Re8 28. Rac1 Re2 29. R3c2 Re8 30. a3 a5 31. Kh2 Bg6 32. Rd2 h5 33. Rcd1 Kh7 34. Bd6 Rc8 35. Bxc5 Rxc5 36. Rd6 b5 37. R6d5 Rxd5 38. Rxd5 Be8 39. Kg3 g5 40. f4 Kg6 41. fxg5 fxg5 42. Kf2 Kf6 43. Ke3 a4 44. Kd4 g4 45. hxg4 hxg4 46. Kc5 Bf7 47. Rd4 Kg5 48. Kxb5 Bb3 49. g3 Kf5 50. Rxa4 Bxa4+ 51. Kxa4 Ke4 52. b4 Kf3 53. b5 Kxg3 54. b6 Kf2 55. b7 g3 56. b8Q g2 57. Qh2 Kf1 58. Kb5 1-0

[Event "Balkan-ch U12"]
[Site "Tornelo INT"]
[Date "2020.11.01"]
[Round "6"]
[White "Markosek, Bine"]
[Black "Pehlivan, Mert"]
[Result "1-0"]
[WhiteElo "1461"]
[BlackElo "1653"]
[PlyCount "155"]
[EventDate "2020.10.31"]
[EventType "swiss"]
[EventRounds "7"]
[EventCountry "NET"]
[SourceTitle "EXT 2023"]
[Source "ChessBase"]
[SourceDate "2022.10.05"]
[SourceVersion "1"]
[SourceVersionDate "2022.10.05"]
[SourceQuality "1"]

1. e4 c5 2. Nf3 e6 3. Bc4 a6 4. a4 Nc6 5. 0-0 Qc7 6. d3 Nf6 7. Qe2 d6 8. Bf4 e5 9. Bg3 Bg4 10. c3 h5 11. h3 Bxf3 12. Qxf3 Be7 13. Bh4 Na5 14. Nd2 Nxc4 15. Nxc4 0-0-0 16. b4 Kb8 17. b5 Rdg8 18. bxa6 bxa6 19. Rfb1+ Ka7 20. Rb2 g5 21. Bg3 g4 22. Qf5 h4 23. hxg4 hxg3 24. g5 gxf2+ 25. Kxf2 Rxg5 26. Qf3 Rh2 27. Rab1 Rgxg2+ 28. Qxg2 Rxg2+ 29. Kxg2 d5 30. Na5 Bd8 31. Rb7+ Qxb7 32. Nxb7 Bb6 33. Nd6 dxe4 34. Nxe4 Nxe4 35. dxe4 Ba5 36. c4 Bb4 37. Rf1 Kb6 38. Rxf7 Ka5 39. Rf6 Bc3 40. Rc6 Bd4 41. Kf3 Kxa4 42. Rxa6+ Kb3 43. Rc6 Kxc4 44. Ke2 Kb3 45. Kd3 Kb4 46. Rb6+ Ka5 47. Rb1 Ka6 48. Kc4 Ka7 49. Rb5 Ka6 50. Rxc5 Kb6 51. Rd5 Kc6 52. Rd8 Kc7 53. Rh8 Kd7 54. Kd5 Ke7 55. Rh6 Bb2 56. Rh7+ Kf6 57. Rb7 Bd4 58. Rb1 Ke7 59. Rf1 Bc3 60. Rf5 Kd7 61. Rf7+ Ke8 62. Ke6 Bd4 63. Rh7 Kd8 64. Rh1 Kc7 65. Rc1+ Kd8 66. Rc6 Bb2 67. Ra6 Bd4 68. Ra8+ Kc7 69. Ke7 Kc6 70. Rc8+ Kb5 71. Kd6 Kb6 72. Re8 Kb7 73. Rxe5 Bxe5+ 74. Kxe5 Kc7 75. Ke6 Kd8 76. Kf7 Kd7 77. e5 Kd8 78. e6 1-0